نفرتيتي : ربة الجمال والتاج / Nifirtītī : rabbat al-jamāl wa-al-tāj
محفوظ في:
المؤلف الرئيسي:
التنسيق: كتاب
اللغة: Undetermined
منشور في:
Cairo
Dar Al Hilal
1952
الوسوم: إضافة وسم
لا توجد وسوم, كن أول من يضع وسما على هذه التسجيلة!
رقم الطلب: F10 ABDALL
| LEADER | 00398nam a2200121Ia 4500 | ||
|---|---|---|---|
| 008 | 240404s9999||||xx |||||||||||||| ||und|| | ||
| 050 | 4 | |a F10 ABDALL | |
| 100 | 1 | |a Ṣūfī ʻAbd Allāh. | |
| 245 | 1 | 0 | |a نفرتيتي : ربة الجمال والتاج / Nifirtītī : rabbat al-jamāl wa-al-tāj |c Ṣūfī ʻAbd Allāh |
| 264 | 1 | |a Cairo |b Dar Al Hilal |c 1952 | |
| 300 | |a 209 |c 16 | ||
| 942 | |2 lcc |c BK | ||
| 999 | |c 57996 |d 57996 | ||
